Todos os campeões do Big Brother Brasil - Statistics

Estatísticas Gerais
  • Esse quiz foi jogado 79 vezes
  • A pontuação média é 14 de 24
Estatísticas das Respostas
Edição Campeão (a) % Correto
BBB 24 Davi
96%
BBB 22 Arthur Aguiar
94%
BBB 21 Juliette
93%
BBB 1 Kléber Bambam
89%
BBB 20 Thelma Assis
80%
BBB 23 Amanda Meirelles
79%
BBB 7 Diego Alemão
76%
BBB 10 Marcelo Dourado
59%
BBB 19 Paula Von Sperling
57%
BBB 2 Rodrigo Cowboy
54%
BBB 4 Cida dos Santos
51%
BBB 17 Emilly Araújo
51%
BBB 3 Dhomini
50%
BBB 18 Gleici Damasceno
50%
BBB 5 Jean Wyllys
50%
BBB 8 Rafinha
49%
BBB 9 Max Porto
47%
BBB 13 Fernanda Keulla
41%
BBB 16 Munik Nunes
36%
BBB 6 Mara Viana
34%
BBB 15 Cézar Lima
33%
BBB 12 Fael
29%
BBB 14 Vanessa Mesquita
29%
BBB 11 Maria Melilo
26%
Nenhum quiz correspondente encontrado
Distribuição das Pontuações
Porcentagem de Pessoas com Cada Pontuação
Percentil de Números Respondidos
Sua Pontuação Histórica
Você não jogou esse quiz